00641nam a2200181 a 4500001001000000003000900010005001700019008004100036040002500077082002100102100004000123245011500163250001100278260003800289300002000327500004200347600007000389000020944DO-SdBNP20250410130608.0100824s1982 dr 000 0 spa d aDO-SdBNPbspacBNPHU a972.93053bP979i1 aPuigsubirá Miniño, Juan Enrique10aInmolación :bdiario de campaña de un soldado de la libertad /cJuan Enrique Puigsubira Miniño (Johnny). a2a ed. aSanto Domingo :bCorripio,c1982. a51 p. ;c22 cm. aIncluye notas al pie de las páginas14a Puigsubira Miniño, Juan Enriqued1931-1959xDiarios íntimos